000 00811nam a2200217Ia 4500
003 Ost
005 20260507075018.0
008 260507s9999||||xx |||||||||||||| ||und||
020 _a2269079957
040 _cfsecg
041 _aara
082 _a658.409
100 _aالبدوي، طارق عبد الحميد
_eمؤلف
245 0 _aأساسيات في علم قيادة إدارة القيادة /
_c طارق عبد الحميد البدوي
260 _aعمان:
_bدار الفكر,
_c2002
300 _a196 صفحة؛
_bإيضاحات ؛
_c24 سم
520 _aعلم إدارة القيادة-نظرية القرارات الإدارية-القيادة عنصر التوجيه
653 _aالقادة الاداريون
653 _aالقيادة الادارية
942 _cكتاب
999 _c42244
_d42244